Plan de facilidades de pago para prestadores de salud (Registro nro. 15609)

Detalles MARC
000 -LEADER
fixed length control field 00328 a2200109 4500
001 - CONTROL NUMBER
control field ART_30905
005 - DATE AND TIME OF LATEST TRANSACTION
control field 20260410161706.0
008 - FIXED-LENGTH DATA ELEMENTS--GENERAL INFORMATION
fixed length control field 260409a
100 1# - MAIN ENTRY--PERSONAL NAME
Personal name Iacomucci, Norma H.
245 10 - TITLE STATEMENT
Title Plan de facilidades de pago para prestadores de salud
773 0# - HOST ITEM ENTRY
Title Revista Impuestos
Related parts - Nº 8 (abr. 2008)
Record control number REV639

No hay ítems disponibles.